New product venture management
Sparad:
| Huvudupphovsman: | |
|---|---|
| Materialtyp: | Bok |
| Språk: | Undetermined |
| Publicerad: |
New York
Gordon and Breach
1972
|
| Ämnen: | |
| Taggar: |
Lägg till en tagg
Inga taggar, Lägg till första taggen!
|
| Thư viện lưu trữ: | Trung tâm Học liệu Trường Đại học Cần Thơ |
|---|
| LEADER | 00468nam a2200169Ia 4500 | ||
|---|---|---|---|
| 001 | CTU_78404 | ||
| 008 | 210402s9999 xx 000 0 und d | ||
| 082 | |a 658.5 | ||
| 082 | |b K18 | ||
| 100 | |a Karger, Delmar W. | ||
| 245 | 0 | |a New product venture management | |
| 245 | 0 | |c Delmar W. Karger, Robert G. Murdick | |
| 260 | |a New York | ||
| 260 | |b Gordon and Breach | ||
| 260 | |c 1972 | ||
| 650 | |a New products | ||
| 980 | |a Trung tâm Học liệu Trường Đại học Cần Thơ | ||